Guidance: pavement licences (outdoor seating) (Record no. 121877)
[ view plain ]
| 000 -LEADER | |
|---|---|
| fixed length control field | 01029nam a22002177a 4500 |
| 008 - FIXED-LENGTH DATA ELEMENTS--GENERAL INFORMATION | |
| fixed length control field | 240402t2024 |||||o||||o00| 0 eng d |
| 110 ## - MAIN ENTRY--CORPORATE NAME | |
| 9 (RLIN) | 6315 |
| Corporate author | Department for Levelling Up, Housing and Communities |
| 245 ## - TITLE STATEMENT | |
| Title | Guidance: pavement licences (outdoor seating) |
| 260 ## - PUBLICATION INFORMATION | |
| Publisher | Department for Levelling Up, Housing and Communities, |
| Date | 2 April 2024 |
| 520 ## - ABSTRACT | |
| Abstract | Department for Levelling Up, Housing and Communities guidance to accompany pavement licensing introduced in the Business and Planning Act 2020 |
| 650 ## - KEYWORDS | |
| Keywords | PAVEMENTS |
| 650 ## - KEYWORDS | |
| Keywords | PLANNING |
| 650 ## - KEYWORDS | |
| Keywords | BUSINESS AND PLANNING ACT 2020 |
| 650 ## - KEYWORDS | |
| Keywords | LEVELLING UP AND REGENERATION ACT 2023 |
| 650 ## - KEYWORDS | |
| Keywords | COMMERCIAL PROPERTIES |
| 650 ## - KEYWORDS | |
| Keywords | HIGH STREETS |
| 651 ## - SUBJECT ADDED ENTRY--GEOGRAPHIC NAME | |
| Geographic name | England |
| 690 ## - LOCAL SUBJECT ADDED ENTRY--TOPICAL TERM (OCLC, RLIN) | |
| Topical term or geographic name as entry element | Planning and development |
| 9 (RLIN) | 6259 |
| 710 ## - ADDED CORPORATE NAME | |
| 9 (RLIN) | 6315 |
| Added corporate author | Department for Levelling Up, Housing and Communities |
| 856 ## - ONLINE RESOURCE | |
| Uniform Resource Identifier | https://www.gov.uk/government/publications/pavement-licences-draft-guidance/draft-guidance-pavement-licences-outdoor-seating-proposal |
| Public note | Available on .gov.uk |
| Withdrawn status | Lost status | Damaged status | Not for loan | Home library | Current library | Shelving location | Date acquired | Total Checkouts | Date last seen | Price effective from | Koha item type |
|---|---|---|---|---|---|---|---|---|---|---|---|
| Virtual | Virtual | 02/04/2024 | 02/04/2024 | 02/04/2024 | Online material |